000 00496nam a2200181Ia 4500
005 20250326125610.0
008 250326s9999 xx 000 0 und d
037 _aTextbook
040 _aFMSL
_beng
_cFMSL
041 _aeng
_2eng
084 _aX:97D L6
_qFMSL
100 _aDayal I
245 0 _aManagement of trade unions
_cDayal I; Sharma B R
260 _aNew Delhi
_bNew Delhi, Shri Ram Centre
_c1976
300 _a67p
942 _cTB
_hX:97D L6
999 _c1278750
_d1278750